<?xml version="1.0" encoding="UTF-8"?>
<record
    xmlns:xsi="http://www.w3.org/2001/XMLSchema-instance"
    xsi:schemaLocation="http://www.loc.gov/MARC21/slim http://www.loc.gov/standards/marcxml/schema/MARC21slim.xsd"
    xmlns="http://www.loc.gov/MARC21/slim">

  <leader>00753nas a2200229 454500</leader>
  <controlfield tag="001">5454</controlfield>
  <controlfield tag="005">20260407193504.0</controlfield>
  <controlfield tag="008">260407s2004####ag###########|||spa#d</controlfield>
  <controlfield tag="003">AR-UNSa-BCEJYS</controlfield>
  <datafield tag="040" ind1=" " ind2=" ">
    <subfield code="a">AR-UNSa-BCEJYS</subfield>
    <subfield code="b">spa</subfield>
    <subfield code="c">AR-UNSa-BCEJYS</subfield>
  </datafield>
  <datafield tag="080" ind1=" " ind2=" ">
    <subfield code="a">330</subfield>
    <subfield code="x">Econom&#xED;a en general</subfield>
  </datafield>
  <datafield tag="245" ind1="1" ind2="0">
    <subfield code="a">Documento de Trabajo</subfield>
  </datafield>
  <datafield tag="264" ind1=" " ind2="1">
    <subfield code="a">Buenos Aires :</subfield>
    <subfield code="b">CEFID AR</subfield>
    <subfield code="c">2004</subfield>
  </datafield>
  <datafield tag="310" ind1=" " ind2=" ">
    <subfield code="a">Frecuencia: timestral</subfield>
  </datafield>
  <datafield tag="942" ind1=" " ind2=" ">
    <subfield code="c">SER</subfield>
  </datafield>
  <datafield tag="590" ind1=" " ind2=" ">
    <subfield code="a">niveau_biblio:s niveau_hierar:1</subfield>
  </datafield>
  <datafield tag="100" ind1="1" ind2=" ">
    <subfield code="a">Centro de Econom&#xED;a y Finanzas para el desarrollo de la Argentina</subfield>
  </datafield>
  <datafield tag="650" ind1=" " ind2=" ">
    <subfield code="a">Desarrollo econ&#xF3;mico y social</subfield>
  </datafield>
  <datafield tag="650" ind1=" " ind2=" ">
    <subfield code="a">Finanzas</subfield>
  </datafield>
  <datafield tag="650" ind1=" " ind2=" ">
    <subfield code="a">ECONOMIA</subfield>
  </datafield>
  <datafield tag="856" ind1="4" ind2="1">
    <subfield code="u">https://biblioeco.unsa.edu.ar/pmb/images/revistas/Fondos Buitre.jpg</subfield>
    <subfield code="y">Imagen de portada</subfield>
    <subfield code="q">image/jpeg</subfield>
  </datafield>
  <datafield tag="999" ind1=" " ind2=" ">
    <subfield code="c">8428</subfield>
    <subfield code="d">8428</subfield>
  </datafield>
  <datafield tag="952" ind1=" " ind2=" ">
    <subfield code="0">0</subfield>
    <subfield code="1">0</subfield>
    <subfield code="4">0</subfield>
    <subfield code="7">0</subfield>
    <subfield code="a">BCEJYS</subfield>
    <subfield code="b">BCEJYS</subfield>
    <subfield code="c">17</subfield>
    <subfield code="d">2015-06-01</subfield>
    <subfield code="h">N&#xBA; 70 - jun. 2015</subfield>
    <subfield code="l">0</subfield>
    <subfield code="o">H330 DOC 70</subfield>
    <subfield code="p">R17784</subfield>
    <subfield code="r">2026-04-10 16:06:56</subfield>
    <subfield code="w">2026-04-10</subfield>
    <subfield code="y">RN</subfield>
  </datafield>
  <datafield tag="952" ind1=" " ind2=" ">
    <subfield code="0">0</subfield>
    <subfield code="1">0</subfield>
    <subfield code="4">0</subfield>
    <subfield code="7">0</subfield>
    <subfield code="a">BCEJYS</subfield>
    <subfield code="b">BCEJYS</subfield>
    <subfield code="c">17</subfield>
    <subfield code="d">2015-05-01</subfield>
    <subfield code="h">N&#xBA; 69 - mayo 2015</subfield>
    <subfield code="l">0</subfield>
    <subfield code="o">H330 DOC 69</subfield>
    <subfield code="p">R17783</subfield>
    <subfield code="r">2026-04-10 16:06:56</subfield>
    <subfield code="w">2026-04-10</subfield>
    <subfield code="y">RN</subfield>
  </datafield>
  <datafield tag="952" ind1=" " ind2=" ">
    <subfield code="0">0</subfield>
    <subfield code="1">0</subfield>
    <subfield code="4">0</subfield>
    <subfield code="7">0</subfield>
    <subfield code="a">BCEJYS</subfield>
    <subfield code="b">BCEJYS</subfield>
    <subfield code="c">17</subfield>
    <subfield code="d">2015-04-01</subfield>
    <subfield code="h">N&#xBA; 68 - abr. 2015</subfield>
    <subfield code="l">0</subfield>
    <subfield code="o">H330 DOC 68</subfield>
    <subfield code="p">R17711</subfield>
    <subfield code="r">2026-04-10 16:06:56</subfield>
    <subfield code="w">2026-04-10</subfield>
    <subfield code="y">RN</subfield>
  </datafield>
  <datafield tag="952" ind1=" " ind2=" ">
    <subfield code="0">0</subfield>
    <subfield code="1">0</subfield>
    <subfield code="4">0</subfield>
    <subfield code="7">0</subfield>
    <subfield code="a">BCEJYS</subfield>
    <subfield code="b">BCEJYS</subfield>
    <subfield code="c">17</subfield>
    <subfield code="d">2015-03-01</subfield>
    <subfield code="h">N&#xBA; 67 - mar. 2015</subfield>
    <subfield code="l">0</subfield>
    <subfield code="o">H330 DOC 67</subfield>
    <subfield code="p">R17782</subfield>
    <subfield code="r">2026-04-10 16:06:56</subfield>
    <subfield code="w">2026-04-10</subfield>
    <subfield code="y">RN</subfield>
  </datafield>
  <datafield tag="952" ind1=" " ind2=" ">
    <subfield code="0">0</subfield>
    <subfield code="1">0</subfield>
    <subfield code="4">0</subfield>
    <subfield code="7">0</subfield>
    <subfield code="a">BCEJYS</subfield>
    <subfield code="b">BCEJYS</subfield>
    <subfield code="c">17</subfield>
    <subfield code="d">2015-02-01</subfield>
    <subfield code="h">N&#xBA; 66 - feb. 2015</subfield>
    <subfield code="l">0</subfield>
    <subfield code="o">H330 DOC 66</subfield>
    <subfield code="p">R15116</subfield>
    <subfield code="r">2026-04-10 16:06:56</subfield>
    <subfield code="w">2026-04-10</subfield>
    <subfield code="y">RN</subfield>
  </datafield>
  <datafield tag="952" ind1=" " ind2=" ">
    <subfield code="0">0</subfield>
    <subfield code="1">0</subfield>
    <subfield code="4">0</subfield>
    <subfield code="7">0</subfield>
    <subfield code="a">BCEJYS</subfield>
    <subfield code="b">BCEJYS</subfield>
    <subfield code="c">17</subfield>
    <subfield code="d">2015-01-01</subfield>
    <subfield code="h">N&#xBA; 65 - ene. 2015</subfield>
    <subfield code="l">0</subfield>
    <subfield code="o">H330 DOC 65</subfield>
    <subfield code="p">R15115</subfield>
    <subfield code="r">2026-04-10 16:06:56</subfield>
    <subfield code="w">2026-04-10</subfield>
    <subfield code="y">RN</subfield>
  </datafield>
  <datafield tag="952" ind1=" " ind2=" ">
    <subfield code="0">0</subfield>
    <subfield code="1">0</subfield>
    <subfield code="4">0</subfield>
    <subfield code="7">0</subfield>
    <subfield code="a">BCEJYS</subfield>
    <subfield code="b">BCEJYS</subfield>
    <subfield code="c">17</subfield>
    <subfield code="d">2014-12-01</subfield>
    <subfield code="h">N&#xBA; 64 - dic. 2014</subfield>
    <subfield code="l">0</subfield>
    <subfield code="o">H330 DOC 64</subfield>
    <subfield code="p">R15114</subfield>
    <subfield code="r">2026-04-10 16:06:56</subfield>
    <subfield code="w">2026-04-10</subfield>
    <subfield code="y">RN</subfield>
  </datafield>
  <datafield tag="952" ind1=" " ind2=" ">
    <subfield code="0">0</subfield>
    <subfield code="1">0</subfield>
    <subfield code="4">0</subfield>
    <subfield code="7">0</subfield>
    <subfield code="a">BCEJYS</subfield>
    <subfield code="b">BCEJYS</subfield>
    <subfield code="c">17</subfield>
    <subfield code="d">2014-11-01</subfield>
    <subfield code="h">N&#xBA; 63 - nov. 2014</subfield>
    <subfield code="l">0</subfield>
    <subfield code="o">H330 DOC 63</subfield>
    <subfield code="p">R14689</subfield>
    <subfield code="r">2026-04-10 16:06:56</subfield>
    <subfield code="w">2026-04-10</subfield>
    <subfield code="y">RN</subfield>
  </datafield>
  <datafield tag="952" ind1=" " ind2=" ">
    <subfield code="0">0</subfield>
    <subfield code="1">0</subfield>
    <subfield code="4">0</subfield>
    <subfield code="7">0</subfield>
    <subfield code="a">BCEJYS</subfield>
    <subfield code="b">BCEJYS</subfield>
    <subfield code="c">17</subfield>
    <subfield code="d">2014-10-01</subfield>
    <subfield code="h">N&#xBA; 62 - oct. 2014</subfield>
    <subfield code="l">0</subfield>
    <subfield code="o">H330 DOC 62</subfield>
    <subfield code="p">R14688</subfield>
    <subfield code="r">2026-04-10 16:06:56</subfield>
    <subfield code="w">2026-04-10</subfield>
    <subfield code="y">RN</subfield>
  </datafield>
  <datafield tag="952" ind1=" " ind2=" ">
    <subfield code="0">0</subfield>
    <subfield code="1">0</subfield>
    <subfield code="4">0</subfield>
    <subfield code="7">0</subfield>
    <subfield code="a">BCEJYS</subfield>
    <subfield code="b">BCEJYS</subfield>
    <subfield code="c">17</subfield>
    <subfield code="d">2014-09-01</subfield>
    <subfield code="h">N&#xBA; 61 - sep. 2014</subfield>
    <subfield code="l">0</subfield>
    <subfield code="o">H330 DOC 61</subfield>
    <subfield code="p">R14289</subfield>
    <subfield code="r">2026-04-10 16:06:56</subfield>
    <subfield code="w">2026-04-10</subfield>
    <subfield code="y">RN</subfield>
  </datafield>
  <datafield tag="952" ind1=" " ind2=" ">
    <subfield code="0">0</subfield>
    <subfield code="1">0</subfield>
    <subfield code="4">0</subfield>
    <subfield code="7">0</subfield>
    <subfield code="a">BCEJYS</subfield>
    <subfield code="b">BCEJYS</subfield>
    <subfield code="c">17</subfield>
    <subfield code="d">2014-08-01</subfield>
    <subfield code="h">N&#xBA; 60 - ago. 2014</subfield>
    <subfield code="l">0</subfield>
    <subfield code="o">H330 DOC 60</subfield>
    <subfield code="p">R14288</subfield>
    <subfield code="r">2026-04-10 16:06:56</subfield>
    <subfield code="w">2026-04-10</subfield>
    <subfield code="y">RN</subfield>
  </datafield>
  <datafield tag="952" ind1=" " ind2=" ">
    <subfield code="0">0</subfield>
    <subfield code="1">0</subfield>
    <subfield code="4">0</subfield>
    <subfield code="7">0</subfield>
    <subfield code="a">BCEJYS</subfield>
    <subfield code="b">BCEJYS</subfield>
    <subfield code="c">17</subfield>
    <subfield code="d">2014-07-01</subfield>
    <subfield code="h">N&#xBA; 59 - jul. 2014</subfield>
    <subfield code="l">0</subfield>
    <subfield code="o">H330 DOC 59</subfield>
    <subfield code="p">R13859</subfield>
    <subfield code="r">2026-04-10 16:06:56</subfield>
    <subfield code="w">2026-04-10</subfield>
    <subfield code="y">RN</subfield>
  </datafield>
  <datafield tag="952" ind1=" " ind2=" ">
    <subfield code="0">0</subfield>
    <subfield code="1">0</subfield>
    <subfield code="4">0</subfield>
    <subfield code="7">0</subfield>
    <subfield code="a">BCEJYS</subfield>
    <subfield code="b">BCEJYS</subfield>
    <subfield code="c">17</subfield>
    <subfield code="d">2014-06-01</subfield>
    <subfield code="h">N&#xBA; 58 - jun. 2014</subfield>
    <subfield code="l">0</subfield>
    <subfield code="o">H330 DOC 58</subfield>
    <subfield code="p">R13858</subfield>
    <subfield code="r">2026-04-10 16:06:56</subfield>
    <subfield code="w">2026-04-10</subfield>
    <subfield code="y">RN</subfield>
  </datafield>
  <datafield tag="952" ind1=" " ind2=" ">
    <subfield code="0">0</subfield>
    <subfield code="1">0</subfield>
    <subfield code="4">0</subfield>
    <subfield code="7">0</subfield>
    <subfield code="a">BCEJYS</subfield>
    <subfield code="b">BCEJYS</subfield>
    <subfield code="c">17</subfield>
    <subfield code="d">2014-05-01</subfield>
    <subfield code="h">N&#xBA; 57 - mayo 2014</subfield>
    <subfield code="l">0</subfield>
    <subfield code="o">H330 DOC 57</subfield>
    <subfield code="p">R13679</subfield>
    <subfield code="r">2026-04-10 16:06:56</subfield>
    <subfield code="w">2026-04-10</subfield>
    <subfield code="y">RN</subfield>
  </datafield>
  <datafield tag="952" ind1=" " ind2=" ">
    <subfield code="0">0</subfield>
    <subfield code="1">0</subfield>
    <subfield code="4">0</subfield>
    <subfield code="7">0</subfield>
    <subfield code="a">BCEJYS</subfield>
    <subfield code="b">BCEJYS</subfield>
    <subfield code="c">17</subfield>
    <subfield code="d">2014-04-01</subfield>
    <subfield code="h">N&#xBA; 56 - abr. 2014</subfield>
    <subfield code="l">0</subfield>
    <subfield code="o">H330 DOC 56</subfield>
    <subfield code="p">R13397</subfield>
    <subfield code="r">2026-04-10 16:06:56</subfield>
    <subfield code="w">2026-04-10</subfield>
    <subfield code="y">RN</subfield>
  </datafield>
  <datafield tag="952" ind1=" " ind2=" ">
    <subfield code="0">0</subfield>
    <subfield code="1">0</subfield>
    <subfield code="4">0</subfield>
    <subfield code="7">0</subfield>
    <subfield code="a">BCEJYS</subfield>
    <subfield code="b">BCEJYS</subfield>
    <subfield code="c">17</subfield>
    <subfield code="d">2014-03-01</subfield>
    <subfield code="h">N&#xBA; 55 - mar. 2014</subfield>
    <subfield code="l">0</subfield>
    <subfield code="o">H330 DOC 55</subfield>
    <subfield code="p">R13252</subfield>
    <subfield code="r">2026-04-10 16:06:56</subfield>
    <subfield code="w">2026-04-10</subfield>
    <subfield code="y">RN</subfield>
  </datafield>
  <datafield tag="952" ind1=" " ind2=" ">
    <subfield code="0">0</subfield>
    <subfield code="1">0</subfield>
    <subfield code="4">0</subfield>
    <subfield code="7">0</subfield>
    <subfield code="a">BCEJYS</subfield>
    <subfield code="b">BCEJYS</subfield>
    <subfield code="c">17</subfield>
    <subfield code="d">2014-02-01</subfield>
    <subfield code="h">N&#xBA; 54 - feb. 2014</subfield>
    <subfield code="l">0</subfield>
    <subfield code="o">H330 DOC 54</subfield>
    <subfield code="p">R12397</subfield>
    <subfield code="r">2026-04-10 16:06:56</subfield>
    <subfield code="w">2026-04-10</subfield>
    <subfield code="y">RN</subfield>
  </datafield>
  <datafield tag="952" ind1=" " ind2=" ">
    <subfield code="0">0</subfield>
    <subfield code="1">0</subfield>
    <subfield code="4">0</subfield>
    <subfield code="7">0</subfield>
    <subfield code="a">BCEJYS</subfield>
    <subfield code="b">BCEJYS</subfield>
    <subfield code="c">17</subfield>
    <subfield code="d">2014-01-01</subfield>
    <subfield code="h">N&#xBA; 53 - ene. 2014</subfield>
    <subfield code="l">0</subfield>
    <subfield code="o">H330 DOC 53</subfield>
    <subfield code="p">R12135</subfield>
    <subfield code="r">2026-04-10 16:06:56</subfield>
    <subfield code="w">2026-04-10</subfield>
    <subfield code="y">RN</subfield>
  </datafield>
  <datafield tag="952" ind1=" " ind2=" ">
    <subfield code="0">0</subfield>
    <subfield code="1">0</subfield>
    <subfield code="4">0</subfield>
    <subfield code="7">0</subfield>
    <subfield code="a">BCEJYS</subfield>
    <subfield code="b">BCEJYS</subfield>
    <subfield code="c">17</subfield>
    <subfield code="d">2013-12-01</subfield>
    <subfield code="h">N&#xBA; 52 - dic. 2013</subfield>
    <subfield code="l">0</subfield>
    <subfield code="o">H330 DOC 52</subfield>
    <subfield code="p">R11425</subfield>
    <subfield code="r">2026-04-10 16:06:57</subfield>
    <subfield code="w">2026-04-10</subfield>
    <subfield code="y">RN</subfield>
  </datafield>
  <datafield tag="952" ind1=" " ind2=" ">
    <subfield code="0">0</subfield>
    <subfield code="1">0</subfield>
    <subfield code="4">0</subfield>
    <subfield code="7">0</subfield>
    <subfield code="a">BCEJYS</subfield>
    <subfield code="b">BCEJYS</subfield>
    <subfield code="c">17</subfield>
    <subfield code="d">2013-11-01</subfield>
    <subfield code="h">N&#xBA; 51 - nov. 2013</subfield>
    <subfield code="l">0</subfield>
    <subfield code="o">H330 DOC 51</subfield>
    <subfield code="p">R10571</subfield>
    <subfield code="r">2026-04-10 16:06:57</subfield>
    <subfield code="w">2026-04-10</subfield>
    <subfield code="y">RN</subfield>
  </datafield>
  <datafield tag="952" ind1=" " ind2=" ">
    <subfield code="0">0</subfield>
    <subfield code="1">0</subfield>
    <subfield code="4">0</subfield>
    <subfield code="7">0</subfield>
    <subfield code="a">BCEJYS</subfield>
    <subfield code="b">BCEJYS</subfield>
    <subfield code="c">17</subfield>
    <subfield code="d">2013-10-01</subfield>
    <subfield code="h">N&#xBA; 50 - oct. 2013</subfield>
    <subfield code="l">0</subfield>
    <subfield code="o">H330 DOC 50</subfield>
    <subfield code="p">R10259</subfield>
    <subfield code="r">2026-04-10 16:06:57</subfield>
    <subfield code="w">2026-04-10</subfield>
    <subfield code="y">RN</subfield>
  </datafield>
  <datafield tag="952" ind1=" " ind2=" ">
    <subfield code="0">0</subfield>
    <subfield code="1">0</subfield>
    <subfield code="4">0</subfield>
    <subfield code="7">0</subfield>
    <subfield code="a">BCEJYS</subfield>
    <subfield code="b">BCEJYS</subfield>
    <subfield code="c">17</subfield>
    <subfield code="d">2013-09-01</subfield>
    <subfield code="h">N&#xBA; 49 - sep. 2013</subfield>
    <subfield code="l">0</subfield>
    <subfield code="o">H330 DOC 49</subfield>
    <subfield code="p">R10258</subfield>
    <subfield code="r">2026-04-10 16:06:57</subfield>
    <subfield code="w">2026-04-10</subfield>
    <subfield code="y">RN</subfield>
  </datafield>
  <datafield tag="952" ind1=" " ind2=" ">
    <subfield code="0">0</subfield>
    <subfield code="1">0</subfield>
    <subfield code="4">0</subfield>
    <subfield code="7">0</subfield>
    <subfield code="a">BCEJYS</subfield>
    <subfield code="b">BCEJYS</subfield>
    <subfield code="c">17</subfield>
    <subfield code="d">2013-03-01</subfield>
    <subfield code="h">N&#xBA; 48 - mar.2013</subfield>
    <subfield code="l">0</subfield>
    <subfield code="o">H330 DOC 48</subfield>
    <subfield code="p">R09454</subfield>
    <subfield code="r">2026-04-10 16:06:57</subfield>
    <subfield code="w">2026-04-10</subfield>
    <subfield code="y">RN</subfield>
  </datafield>
  <datafield tag="952" ind1=" " ind2=" ">
    <subfield code="0">0</subfield>
    <subfield code="1">0</subfield>
    <subfield code="4">0</subfield>
    <subfield code="7">0</subfield>
    <subfield code="a">BCEJYS</subfield>
    <subfield code="b">BCEJYS</subfield>
    <subfield code="c">17</subfield>
    <subfield code="d">2012-10-01</subfield>
    <subfield code="h">N&#xBA; 47 - oct. 2012</subfield>
    <subfield code="l">0</subfield>
    <subfield code="o">H330 DOC 47</subfield>
    <subfield code="p">R08392</subfield>
    <subfield code="r">2026-04-10 16:06:57</subfield>
    <subfield code="w">2026-04-10</subfield>
    <subfield code="y">RN</subfield>
  </datafield>
  <datafield tag="952" ind1=" " ind2=" ">
    <subfield code="0">0</subfield>
    <subfield code="1">0</subfield>
    <subfield code="4">0</subfield>
    <subfield code="7">0</subfield>
    <subfield code="a">BCEJYS</subfield>
    <subfield code="b">BCEJYS</subfield>
    <subfield code="c">17</subfield>
    <subfield code="d">2012-09-01</subfield>
    <subfield code="h">N&#xBA; 46 - sep. 2012</subfield>
    <subfield code="l">0</subfield>
    <subfield code="o">H330 DOC 46</subfield>
    <subfield code="p">R08391</subfield>
    <subfield code="r">2026-04-10 16:06:57</subfield>
    <subfield code="w">2026-04-10</subfield>
    <subfield code="y">RN</subfield>
  </datafield>
  <datafield tag="952" ind1=" " ind2=" ">
    <subfield code="0">0</subfield>
    <subfield code="1">0</subfield>
    <subfield code="4">0</subfield>
    <subfield code="7">0</subfield>
    <subfield code="a">BCEJYS</subfield>
    <subfield code="b">BCEJYS</subfield>
    <subfield code="c">17</subfield>
    <subfield code="d">2012-07-01</subfield>
    <subfield code="h">N&#xBA; 45 - jul. 2012</subfield>
    <subfield code="l">0</subfield>
    <subfield code="o">H330 DOC 45</subfield>
    <subfield code="p">R06769</subfield>
    <subfield code="r">2026-04-10 16:06:57</subfield>
    <subfield code="w">2026-04-10</subfield>
    <subfield code="y">RN</subfield>
  </datafield>
  <datafield tag="952" ind1=" " ind2=" ">
    <subfield code="0">0</subfield>
    <subfield code="1">0</subfield>
    <subfield code="4">0</subfield>
    <subfield code="7">0</subfield>
    <subfield code="a">BCEJYS</subfield>
    <subfield code="b">BCEJYS</subfield>
    <subfield code="c">17</subfield>
    <subfield code="d">2012-06-01</subfield>
    <subfield code="h">N&#xBA; 44 - jun 2012</subfield>
    <subfield code="l">0</subfield>
    <subfield code="o">H330 DOC 44</subfield>
    <subfield code="p">R06249</subfield>
    <subfield code="r">2026-04-10 16:06:57</subfield>
    <subfield code="w">2026-04-10</subfield>
    <subfield code="y">RN</subfield>
  </datafield>
  <datafield tag="952" ind1=" " ind2=" ">
    <subfield code="0">0</subfield>
    <subfield code="1">0</subfield>
    <subfield code="4">0</subfield>
    <subfield code="7">0</subfield>
    <subfield code="a">BCEJYS</subfield>
    <subfield code="b">BCEJYS</subfield>
    <subfield code="c">17</subfield>
    <subfield code="d">2012-05-01</subfield>
    <subfield code="h">N&#xBA; 43 - mayo 2012</subfield>
    <subfield code="l">0</subfield>
    <subfield code="o">H330 DOC 43</subfield>
    <subfield code="p">R05839</subfield>
    <subfield code="r">2026-04-10 16:06:57</subfield>
    <subfield code="w">2026-04-10</subfield>
    <subfield code="y">RN</subfield>
  </datafield>
  <datafield tag="952" ind1=" " ind2=" ">
    <subfield code="0">0</subfield>
    <subfield code="1">0</subfield>
    <subfield code="4">0</subfield>
    <subfield code="7">0</subfield>
    <subfield code="a">BCEJYS</subfield>
    <subfield code="b">BCEJYS</subfield>
    <subfield code="c">17</subfield>
    <subfield code="d">2012-04-01</subfield>
    <subfield code="h">N&#xBA; 42 - abr. 2012</subfield>
    <subfield code="l">0</subfield>
    <subfield code="o">H330 DOC 42</subfield>
    <subfield code="p">R05838</subfield>
    <subfield code="r">2026-04-10 16:06:57</subfield>
    <subfield code="w">2026-04-10</subfield>
    <subfield code="y">RN</subfield>
  </datafield>
  <datafield tag="952" ind1=" " ind2=" ">
    <subfield code="0">0</subfield>
    <subfield code="1">0</subfield>
    <subfield code="4">0</subfield>
    <subfield code="7">0</subfield>
    <subfield code="a">BCEJYS</subfield>
    <subfield code="b">BCEJYS</subfield>
    <subfield code="c">17</subfield>
    <subfield code="d">2011-12-01</subfield>
    <subfield code="h">N&#xBA; 41 - dic. 2011</subfield>
    <subfield code="l">0</subfield>
    <subfield code="o">H330 DOC 41</subfield>
    <subfield code="p">R06046</subfield>
    <subfield code="r">2026-04-10 16:06:57</subfield>
    <subfield code="w">2026-04-10</subfield>
    <subfield code="y">RN</subfield>
  </datafield>
  <datafield tag="952" ind1=" " ind2=" ">
    <subfield code="0">0</subfield>
    <subfield code="1">0</subfield>
    <subfield code="4">0</subfield>
    <subfield code="7">0</subfield>
    <subfield code="a">BCEJYS</subfield>
    <subfield code="b">BCEJYS</subfield>
    <subfield code="c">17</subfield>
    <subfield code="d">2011-09-01</subfield>
    <subfield code="h">N&#xBA; 40 - set. 2011</subfield>
    <subfield code="l">0</subfield>
    <subfield code="o">H330 DOC 40</subfield>
    <subfield code="p">R04534</subfield>
    <subfield code="r">2026-04-10 16:06:57</subfield>
    <subfield code="w">2026-04-10</subfield>
    <subfield code="y">RN</subfield>
  </datafield>
  <datafield tag="952" ind1=" " ind2=" ">
    <subfield code="0">0</subfield>
    <subfield code="1">0</subfield>
    <subfield code="4">0</subfield>
    <subfield code="7">0</subfield>
    <subfield code="a">BCEJYS</subfield>
    <subfield code="b">BCEJYS</subfield>
    <subfield code="c">17</subfield>
    <subfield code="d">2011-08-01</subfield>
    <subfield code="h">N&#xBA; 39 - ago. 2011</subfield>
    <subfield code="l">0</subfield>
    <subfield code="o">H330 DOC 39</subfield>
    <subfield code="p">R19822</subfield>
    <subfield code="r">2026-04-10 16:06:57</subfield>
    <subfield code="w">2026-04-10</subfield>
    <subfield code="y">RN</subfield>
  </datafield>
  <datafield tag="952" ind1=" " ind2=" ">
    <subfield code="0">0</subfield>
    <subfield code="1">0</subfield>
    <subfield code="4">0</subfield>
    <subfield code="7">0</subfield>
    <subfield code="a">BCEJYS</subfield>
    <subfield code="b">BCEJYS</subfield>
    <subfield code="c">17</subfield>
    <subfield code="d">2011-07-01</subfield>
    <subfield code="h">N&#xBA; 38 - jul. 2011</subfield>
    <subfield code="l">0</subfield>
    <subfield code="o">H330 DOC 38</subfield>
    <subfield code="p">R19821</subfield>
    <subfield code="r">2026-04-10 16:06:57</subfield>
    <subfield code="w">2026-04-10</subfield>
    <subfield code="y">RN</subfield>
  </datafield>
  <datafield tag="952" ind1=" " ind2=" ">
    <subfield code="0">0</subfield>
    <subfield code="1">0</subfield>
    <subfield code="4">0</subfield>
    <subfield code="7">0</subfield>
    <subfield code="a">BCEJYS</subfield>
    <subfield code="b">BCEJYS</subfield>
    <subfield code="c">17</subfield>
    <subfield code="d">2011-06-01</subfield>
    <subfield code="h">N&#xBA; 37 - jun. 2011</subfield>
    <subfield code="l">0</subfield>
    <subfield code="o">H330 DOC 37</subfield>
    <subfield code="p">R19820</subfield>
    <subfield code="r">2026-04-10 16:06:57</subfield>
    <subfield code="w">2026-04-10</subfield>
    <subfield code="y">RN</subfield>
  </datafield>
  <datafield tag="952" ind1=" " ind2=" ">
    <subfield code="0">0</subfield>
    <subfield code="1">0</subfield>
    <subfield code="4">0</subfield>
    <subfield code="7">0</subfield>
    <subfield code="a">BCEJYS</subfield>
    <subfield code="b">BCEJYS</subfield>
    <subfield code="c">17</subfield>
    <subfield code="d">2011-03-01</subfield>
    <subfield code="h">N&#xBA; 36 - mar. 2011</subfield>
    <subfield code="l">0</subfield>
    <subfield code="o">H330 DOC 36</subfield>
    <subfield code="p">R19819</subfield>
    <subfield code="r">2026-04-10 16:06:57</subfield>
    <subfield code="w">2026-04-10</subfield>
    <subfield code="y">RN</subfield>
  </datafield>
  <datafield tag="952" ind1=" " ind2=" ">
    <subfield code="0">0</subfield>
    <subfield code="1">0</subfield>
    <subfield code="4">0</subfield>
    <subfield code="7">0</subfield>
    <subfield code="a">BCEJYS</subfield>
    <subfield code="b">BCEJYS</subfield>
    <subfield code="c">17</subfield>
    <subfield code="d">2011-01-01</subfield>
    <subfield code="h">N&#xBA; 35 - ene. 2011</subfield>
    <subfield code="l">0</subfield>
    <subfield code="o">H330 DOC 35</subfield>
    <subfield code="p">R19818</subfield>
    <subfield code="r">2026-04-10 16:06:57</subfield>
    <subfield code="w">2026-04-10</subfield>
    <subfield code="y">RN</subfield>
  </datafield>
  <datafield tag="952" ind1=" " ind2=" ">
    <subfield code="0">0</subfield>
    <subfield code="1">0</subfield>
    <subfield code="4">0</subfield>
    <subfield code="7">0</subfield>
    <subfield code="a">BCEJYS</subfield>
    <subfield code="b">BCEJYS</subfield>
    <subfield code="c">17</subfield>
    <subfield code="d">2010-12-01</subfield>
    <subfield code="h">N&#xBA; 34 - dic. 2010</subfield>
    <subfield code="l">0</subfield>
    <subfield code="o">H330 DOC 34</subfield>
    <subfield code="p">R06045</subfield>
    <subfield code="r">2026-04-10 16:06:57</subfield>
    <subfield code="w">2026-04-10</subfield>
    <subfield code="y">RN</subfield>
  </datafield>
  <datafield tag="952" ind1=" " ind2=" ">
    <subfield code="0">0</subfield>
    <subfield code="1">0</subfield>
    <subfield code="4">0</subfield>
    <subfield code="7">0</subfield>
    <subfield code="a">BCEJYS</subfield>
    <subfield code="b">BCEJYS</subfield>
    <subfield code="c">17</subfield>
    <subfield code="d">2010-11-01</subfield>
    <subfield code="h">N&#xBA; 33 - nov. 2010</subfield>
    <subfield code="l">0</subfield>
    <subfield code="o">H330 DOC 33</subfield>
    <subfield code="p">R04533</subfield>
    <subfield code="r">2026-04-10 16:06:57</subfield>
    <subfield code="w">2026-04-10</subfield>
    <subfield code="y">RN</subfield>
  </datafield>
  <datafield tag="952" ind1=" " ind2=" ">
    <subfield code="0">0</subfield>
    <subfield code="1">0</subfield>
    <subfield code="4">0</subfield>
    <subfield code="7">0</subfield>
    <subfield code="a">BCEJYS</subfield>
    <subfield code="b">BCEJYS</subfield>
    <subfield code="c">17</subfield>
    <subfield code="d">2010-10-01</subfield>
    <subfield code="h">N&#xBA; 32 - oct. 2010</subfield>
    <subfield code="l">0</subfield>
    <subfield code="o">H330 DOC 32</subfield>
    <subfield code="p">R04532</subfield>
    <subfield code="r">2026-04-10 16:06:57</subfield>
    <subfield code="w">2026-04-10</subfield>
    <subfield code="y">RN</subfield>
  </datafield>
  <datafield tag="952" ind1=" " ind2=" ">
    <subfield code="0">0</subfield>
    <subfield code="1">0</subfield>
    <subfield code="4">0</subfield>
    <subfield code="7">0</subfield>
    <subfield code="a">BCEJYS</subfield>
    <subfield code="b">BCEJYS</subfield>
    <subfield code="c">17</subfield>
    <subfield code="d">2010-09-01</subfield>
    <subfield code="h">N&#xBA; 31 - set. 2010</subfield>
    <subfield code="l">0</subfield>
    <subfield code="o">H330 DOC 31</subfield>
    <subfield code="p">R04531</subfield>
    <subfield code="r">2026-04-10 16:06:57</subfield>
    <subfield code="w">2026-04-10</subfield>
    <subfield code="y">RN</subfield>
  </datafield>
  <datafield tag="952" ind1=" " ind2=" ">
    <subfield code="0">0</subfield>
    <subfield code="1">0</subfield>
    <subfield code="4">0</subfield>
    <subfield code="7">0</subfield>
    <subfield code="a">BCEJYS</subfield>
    <subfield code="b">BCEJYS</subfield>
    <subfield code="c">17</subfield>
    <subfield code="d">2010-08-01</subfield>
    <subfield code="h">N&#xBA; 30 - ago. 2010</subfield>
    <subfield code="l">0</subfield>
    <subfield code="o">H330 DOC 30</subfield>
    <subfield code="p">R04530</subfield>
    <subfield code="r">2026-04-10 16:06:57</subfield>
    <subfield code="w">2026-04-10</subfield>
    <subfield code="y">RN</subfield>
  </datafield>
  <datafield tag="952" ind1=" " ind2=" ">
    <subfield code="0">0</subfield>
    <subfield code="1">0</subfield>
    <subfield code="4">0</subfield>
    <subfield code="7">0</subfield>
    <subfield code="a">BCEJYS</subfield>
    <subfield code="b">BCEJYS</subfield>
    <subfield code="c">17</subfield>
    <subfield code="d">2010-07-01</subfield>
    <subfield code="h">N&#xBA; 29 - jul. 2010</subfield>
    <subfield code="l">0</subfield>
    <subfield code="o">H330 DOC 29</subfield>
    <subfield code="p">R04529</subfield>
    <subfield code="r">2026-04-10 16:06:57</subfield>
    <subfield code="w">2026-04-10</subfield>
    <subfield code="y">RN</subfield>
  </datafield>
  <datafield tag="952" ind1=" " ind2=" ">
    <subfield code="0">0</subfield>
    <subfield code="1">0</subfield>
    <subfield code="4">0</subfield>
    <subfield code="7">0</subfield>
    <subfield code="a">BCEJYS</subfield>
    <subfield code="b">BCEJYS</subfield>
    <subfield code="c">17</subfield>
    <subfield code="d">2010-03-01</subfield>
    <subfield code="h">N&#xBA; 28 - mar. 2010</subfield>
    <subfield code="l">0</subfield>
    <subfield code="o">H330 DOC 28</subfield>
    <subfield code="p">R04528</subfield>
    <subfield code="r">2026-04-10 16:06:57</subfield>
    <subfield code="w">2026-04-10</subfield>
    <subfield code="y">RN</subfield>
  </datafield>
  <datafield tag="952" ind1=" " ind2=" ">
    <subfield code="0">0</subfield>
    <subfield code="1">0</subfield>
    <subfield code="4">0</subfield>
    <subfield code="7">0</subfield>
    <subfield code="a">BCEJYS</subfield>
    <subfield code="b">BCEJYS</subfield>
    <subfield code="c">17</subfield>
    <subfield code="d">2009-08-01</subfield>
    <subfield code="h">N&#xBA; 27 - ago. 2009</subfield>
    <subfield code="l">0</subfield>
    <subfield code="o">H330 DOC 27</subfield>
    <subfield code="p">R04527</subfield>
    <subfield code="r">2026-04-10 16:06:57</subfield>
    <subfield code="w">2026-04-10</subfield>
    <subfield code="y">RN</subfield>
  </datafield>
  <datafield tag="952" ind1=" " ind2=" ">
    <subfield code="0">0</subfield>
    <subfield code="1">0</subfield>
    <subfield code="4">0</subfield>
    <subfield code="7">0</subfield>
    <subfield code="a">BCEJYS</subfield>
    <subfield code="b">BCEJYS</subfield>
    <subfield code="c">17</subfield>
    <subfield code="d">2009-07-01</subfield>
    <subfield code="h">N&#xBA; 26 - jul. 2009</subfield>
    <subfield code="l">0</subfield>
    <subfield code="o">H330 DOC 26</subfield>
    <subfield code="p">R04526</subfield>
    <subfield code="r">2026-04-10 16:06:57</subfield>
    <subfield code="w">2026-04-10</subfield>
    <subfield code="y">RN</subfield>
  </datafield>
  <datafield tag="952" ind1=" " ind2=" ">
    <subfield code="0">0</subfield>
    <subfield code="1">0</subfield>
    <subfield code="4">0</subfield>
    <subfield code="7">0</subfield>
    <subfield code="a">BCEJYS</subfield>
    <subfield code="b">BCEJYS</subfield>
    <subfield code="c">17</subfield>
    <subfield code="d">2009-05-01</subfield>
    <subfield code="h">N&#xBA; 25 - may. 2009</subfield>
    <subfield code="l">0</subfield>
    <subfield code="o">H330 DOC 25</subfield>
    <subfield code="p">R04525</subfield>
    <subfield code="r">2026-04-10 16:06:57</subfield>
    <subfield code="w">2026-04-10</subfield>
    <subfield code="y">RN</subfield>
  </datafield>
  <datafield tag="952" ind1=" " ind2=" ">
    <subfield code="0">0</subfield>
    <subfield code="1">0</subfield>
    <subfield code="4">0</subfield>
    <subfield code="7">0</subfield>
    <subfield code="a">BCEJYS</subfield>
    <subfield code="b">BCEJYS</subfield>
    <subfield code="c">17</subfield>
    <subfield code="d">2009-04-01</subfield>
    <subfield code="h">N&#xBA; 24 - abr. 2009</subfield>
    <subfield code="l">0</subfield>
    <subfield code="o">H330 DOC 24</subfield>
    <subfield code="p">R04524</subfield>
    <subfield code="r">2026-04-10 16:06:57</subfield>
    <subfield code="w">2026-04-10</subfield>
    <subfield code="y">RN</subfield>
  </datafield>
  <datafield tag="952" ind1=" " ind2=" ">
    <subfield code="0">0</subfield>
    <subfield code="1">0</subfield>
    <subfield code="4">0</subfield>
    <subfield code="7">0</subfield>
    <subfield code="a">BCEJYS</subfield>
    <subfield code="b">BCEJYS</subfield>
    <subfield code="c">17</subfield>
    <subfield code="d">2008-12-01</subfield>
    <subfield code="h">N&#xBA; 23 - dic. 2008</subfield>
    <subfield code="l">0</subfield>
    <subfield code="o">H330 DOC 23</subfield>
    <subfield code="p">R04523</subfield>
    <subfield code="r">2026-04-10 16:06:57</subfield>
    <subfield code="w">2026-04-10</subfield>
    <subfield code="y">RN</subfield>
  </datafield>
  <datafield tag="952" ind1=" " ind2=" ">
    <subfield code="0">0</subfield>
    <subfield code="1">0</subfield>
    <subfield code="4">0</subfield>
    <subfield code="7">0</subfield>
    <subfield code="a">BCEJYS</subfield>
    <subfield code="b">BCEJYS</subfield>
    <subfield code="c">17</subfield>
    <subfield code="d">2008-11-01</subfield>
    <subfield code="h">N&#xBA; 22 - nov. 2008</subfield>
    <subfield code="l">0</subfield>
    <subfield code="o">H330 DOC 22</subfield>
    <subfield code="p">R04522</subfield>
    <subfield code="r">2026-04-10 16:06:57</subfield>
    <subfield code="w">2026-04-10</subfield>
    <subfield code="y">RN</subfield>
  </datafield>
  <datafield tag="952" ind1=" " ind2=" ">
    <subfield code="0">0</subfield>
    <subfield code="1">0</subfield>
    <subfield code="4">0</subfield>
    <subfield code="7">0</subfield>
    <subfield code="a">BCEJYS</subfield>
    <subfield code="b">BCEJYS</subfield>
    <subfield code="c">17</subfield>
    <subfield code="d">2008-09-21</subfield>
    <subfield code="h">N&#xBA; 21 - set. 2008</subfield>
    <subfield code="l">0</subfield>
    <subfield code="o">H330 DOC 21</subfield>
    <subfield code="p">R04521</subfield>
    <subfield code="r">2026-04-10 16:06:57</subfield>
    <subfield code="w">2026-04-10</subfield>
    <subfield code="y">RN</subfield>
  </datafield>
  <datafield tag="952" ind1=" " ind2=" ">
    <subfield code="0">0</subfield>
    <subfield code="1">0</subfield>
    <subfield code="4">0</subfield>
    <subfield code="7">0</subfield>
    <subfield code="a">BCEJYS</subfield>
    <subfield code="b">BCEJYS</subfield>
    <subfield code="c">17</subfield>
    <subfield code="d">2008-05-01</subfield>
    <subfield code="h">N&#xBA; 20 - may. 2008</subfield>
    <subfield code="l">0</subfield>
    <subfield code="o">H330 DOC 20</subfield>
    <subfield code="p">R04520</subfield>
    <subfield code="r">2026-04-10 16:06:57</subfield>
    <subfield code="w">2026-04-10</subfield>
    <subfield code="y">RN</subfield>
  </datafield>
  <datafield tag="952" ind1=" " ind2=" ">
    <subfield code="0">0</subfield>
    <subfield code="1">0</subfield>
    <subfield code="4">0</subfield>
    <subfield code="7">0</subfield>
    <subfield code="a">BCEJYS</subfield>
    <subfield code="b">BCEJYS</subfield>
    <subfield code="c">17</subfield>
    <subfield code="d">2007-12-01</subfield>
    <subfield code="h">N&#xBA; 19 - dic. 2007</subfield>
    <subfield code="l">0</subfield>
    <subfield code="o">H330 DOC 19</subfield>
    <subfield code="p">R04519</subfield>
    <subfield code="r">2026-04-10 16:06:57</subfield>
    <subfield code="w">2026-04-10</subfield>
    <subfield code="y">RN</subfield>
  </datafield>
  <datafield tag="952" ind1=" " ind2=" ">
    <subfield code="0">0</subfield>
    <subfield code="1">0</subfield>
    <subfield code="4">0</subfield>
    <subfield code="7">0</subfield>
    <subfield code="a">BCEJYS</subfield>
    <subfield code="b">BCEJYS</subfield>
    <subfield code="c">17</subfield>
    <subfield code="d">2007-09-01</subfield>
    <subfield code="h">N&#xBA; 18 - set. 2007</subfield>
    <subfield code="l">0</subfield>
    <subfield code="o">H330 DOC 18</subfield>
    <subfield code="p">R04518</subfield>
    <subfield code="r">2026-04-10 16:06:57</subfield>
    <subfield code="w">2026-04-10</subfield>
    <subfield code="y">RN</subfield>
  </datafield>
  <datafield tag="952" ind1=" " ind2=" ">
    <subfield code="0">0</subfield>
    <subfield code="1">0</subfield>
    <subfield code="4">0</subfield>
    <subfield code="7">0</subfield>
    <subfield code="a">BCEJYS</subfield>
    <subfield code="b">BCEJYS</subfield>
    <subfield code="c">17</subfield>
    <subfield code="d">2007-08-01</subfield>
    <subfield code="h">N&#xBA; 17 - ago. 2007</subfield>
    <subfield code="l">0</subfield>
    <subfield code="o">H330 DOC 17</subfield>
    <subfield code="p">R04517</subfield>
    <subfield code="r">2026-04-10 16:06:57</subfield>
    <subfield code="w">2026-04-10</subfield>
    <subfield code="y">RN</subfield>
  </datafield>
  <datafield tag="952" ind1=" " ind2=" ">
    <subfield code="0">0</subfield>
    <subfield code="1">0</subfield>
    <subfield code="4">0</subfield>
    <subfield code="7">0</subfield>
    <subfield code="a">BCEJYS</subfield>
    <subfield code="b">BCEJYS</subfield>
    <subfield code="c">17</subfield>
    <subfield code="d">2007-07-01</subfield>
    <subfield code="h">N&#xBA; 16 - jul. 2007</subfield>
    <subfield code="l">0</subfield>
    <subfield code="o">H330 DOC 16</subfield>
    <subfield code="p">R04516</subfield>
    <subfield code="r">2026-04-10 16:06:57</subfield>
    <subfield code="w">2026-04-10</subfield>
    <subfield code="y">RN</subfield>
  </datafield>
  <datafield tag="952" ind1=" " ind2=" ">
    <subfield code="0">0</subfield>
    <subfield code="1">0</subfield>
    <subfield code="4">0</subfield>
    <subfield code="7">0</subfield>
    <subfield code="a">BCEJYS</subfield>
    <subfield code="b">BCEJYS</subfield>
    <subfield code="c">17</subfield>
    <subfield code="d">2007-06-01</subfield>
    <subfield code="h">N&#xBA; 15 - jun. 2007</subfield>
    <subfield code="l">0</subfield>
    <subfield code="o">H330 DOC 15</subfield>
    <subfield code="p">R04515</subfield>
    <subfield code="r">2026-04-10 16:06:57</subfield>
    <subfield code="w">2026-04-10</subfield>
    <subfield code="y">RN</subfield>
  </datafield>
  <datafield tag="952" ind1=" " ind2=" ">
    <subfield code="0">0</subfield>
    <subfield code="1">0</subfield>
    <subfield code="4">0</subfield>
    <subfield code="7">0</subfield>
    <subfield code="a">BCEJYS</subfield>
    <subfield code="b">BCEJYS</subfield>
    <subfield code="c">17</subfield>
    <subfield code="d">2006-11-01</subfield>
    <subfield code="h">N&#xBA; 13 - nov. 2006</subfield>
    <subfield code="l">0</subfield>
    <subfield code="o">H330 DOC 13</subfield>
    <subfield code="p">R04514</subfield>
    <subfield code="r">2026-04-10 16:06:57</subfield>
    <subfield code="w">2026-04-10</subfield>
    <subfield code="y">RN</subfield>
  </datafield>
  <datafield tag="952" ind1=" " ind2=" ">
    <subfield code="0">0</subfield>
    <subfield code="1">0</subfield>
    <subfield code="4">0</subfield>
    <subfield code="7">0</subfield>
    <subfield code="a">BCEJYS</subfield>
    <subfield code="b">BCEJYS</subfield>
    <subfield code="c">17</subfield>
    <subfield code="d">2006-10-01</subfield>
    <subfield code="h">N&#xBA; 12 - oct. 2006</subfield>
    <subfield code="l">0</subfield>
    <subfield code="o">H330 DOC 12</subfield>
    <subfield code="p">R04513</subfield>
    <subfield code="r">2026-04-10 16:06:57</subfield>
    <subfield code="w">2026-04-10</subfield>
    <subfield code="y">RN</subfield>
  </datafield>
  <datafield tag="952" ind1=" " ind2=" ">
    <subfield code="0">0</subfield>
    <subfield code="1">0</subfield>
    <subfield code="4">0</subfield>
    <subfield code="7">0</subfield>
    <subfield code="a">BCEJYS</subfield>
    <subfield code="b">BCEJYS</subfield>
    <subfield code="c">17</subfield>
    <subfield code="d">2006-08-01</subfield>
    <subfield code="h">N&#xBA; 11 - ago. 2006</subfield>
    <subfield code="l">0</subfield>
    <subfield code="o">H330 DOC 11</subfield>
    <subfield code="p">R04512</subfield>
    <subfield code="r">2026-04-10 16:06:57</subfield>
    <subfield code="w">2026-04-10</subfield>
    <subfield code="y">RN</subfield>
  </datafield>
  <datafield tag="952" ind1=" " ind2=" ">
    <subfield code="0">0</subfield>
    <subfield code="1">0</subfield>
    <subfield code="4">0</subfield>
    <subfield code="7">0</subfield>
    <subfield code="a">BCEJYS</subfield>
    <subfield code="b">BCEJYS</subfield>
    <subfield code="c">17</subfield>
    <subfield code="d">2006-05-01</subfield>
    <subfield code="h">N&#xBA; 10 - may. 2006</subfield>
    <subfield code="l">0</subfield>
    <subfield code="o">H330 DOC 10</subfield>
    <subfield code="p">R04511</subfield>
    <subfield code="r">2026-04-10 16:06:57</subfield>
    <subfield code="w">2026-04-10</subfield>
    <subfield code="y">RN</subfield>
  </datafield>
  <datafield tag="952" ind1=" " ind2=" ">
    <subfield code="0">0</subfield>
    <subfield code="1">0</subfield>
    <subfield code="4">0</subfield>
    <subfield code="7">0</subfield>
    <subfield code="a">BCEJYS</subfield>
    <subfield code="b">BCEJYS</subfield>
    <subfield code="c">17</subfield>
    <subfield code="d">2006-01-01</subfield>
    <subfield code="h">N&#xBA; 8 - ene. 2006</subfield>
    <subfield code="l">0</subfield>
    <subfield code="o">H330 DOC 8</subfield>
    <subfield code="p">R04510</subfield>
    <subfield code="r">2026-04-10 16:06:57</subfield>
    <subfield code="w">2026-04-10</subfield>
    <subfield code="y">RN</subfield>
  </datafield>
  <datafield tag="952" ind1=" " ind2=" ">
    <subfield code="0">0</subfield>
    <subfield code="1">0</subfield>
    <subfield code="4">0</subfield>
    <subfield code="7">0</subfield>
    <subfield code="a">BCEJYS</subfield>
    <subfield code="b">BCEJYS</subfield>
    <subfield code="c">17</subfield>
    <subfield code="d">2005-07-01</subfield>
    <subfield code="h">N&#xBA; 5 - jul. 2005</subfield>
    <subfield code="l">0</subfield>
    <subfield code="o">H330 DOC 5</subfield>
    <subfield code="p">R04509</subfield>
    <subfield code="r">2026-04-10 16:06:57</subfield>
    <subfield code="w">2026-04-10</subfield>
    <subfield code="y">RN</subfield>
  </datafield>
  <datafield tag="952" ind1=" " ind2=" ">
    <subfield code="0">0</subfield>
    <subfield code="1">0</subfield>
    <subfield code="4">0</subfield>
    <subfield code="7">0</subfield>
    <subfield code="a">BCEJYS</subfield>
    <subfield code="b">BCEJYS</subfield>
    <subfield code="c">17</subfield>
    <subfield code="d">2005-03-01</subfield>
    <subfield code="h">N&#xBA; 3 - mar. 2005</subfield>
    <subfield code="l">0</subfield>
    <subfield code="o">H330 DOC 3</subfield>
    <subfield code="p">R01583</subfield>
    <subfield code="r">2026-04-10 16:06:57</subfield>
    <subfield code="w">2026-04-10</subfield>
    <subfield code="y">RN</subfield>
  </datafield>
  <datafield tag="952" ind1=" " ind2=" ">
    <subfield code="0">0</subfield>
    <subfield code="1">0</subfield>
    <subfield code="4">0</subfield>
    <subfield code="7">0</subfield>
    <subfield code="a">BCEJYS</subfield>
    <subfield code="b">BCEJYS</subfield>
    <subfield code="c">17</subfield>
    <subfield code="d">2004-11-01</subfield>
    <subfield code="h">N&#xBA; 2 - nov. 2004</subfield>
    <subfield code="l">0</subfield>
    <subfield code="o">H330 DOC 2</subfield>
    <subfield code="p">R01582</subfield>
    <subfield code="r">2026-04-10 16:06:57</subfield>
    <subfield code="w">2026-04-10</subfield>
    <subfield code="y">RN</subfield>
  </datafield>
  <datafield tag="952" ind1=" " ind2=" ">
    <subfield code="0">0</subfield>
    <subfield code="1">0</subfield>
    <subfield code="4">0</subfield>
    <subfield code="7">0</subfield>
    <subfield code="a">BCEJYS</subfield>
    <subfield code="b">BCEJYS</subfield>
    <subfield code="c">17</subfield>
    <subfield code="d">2004-06-01</subfield>
    <subfield code="h">N&#xBA; 1 - jun. 2004</subfield>
    <subfield code="l">0</subfield>
    <subfield code="o">H330 DOC 1</subfield>
    <subfield code="p">R01581</subfield>
    <subfield code="r">2026-04-10 16:06:57</subfield>
    <subfield code="w">2026-04-10</subfield>
    <subfield code="y">RN</subfield>
  </datafield>
</record>
